Flora of Assam, (Record no. 58972)
[ view plain ]
| 000 -LEADER | |
|---|---|
| fixed length control field | 01152cam a22002291 4500 |
| 001 - CONTROL NUMBER | |
| control field | sa 64005154 |
| 003 - CONTROL NUMBER IDENTIFIER | |
| control field | DLC |
| 005 - DATE AND TIME OF LATEST TRANSACTION | |
| control field | 20260227112030.0 |
| 008 - FIXED-LENGTH DATA ELEMENTS--GENERAL INFORMATION | |
| fixed length control field | 860515m19349999ii f000 0 eng |
| 010 ## - LIBRARY OF CONGRESS CONTROL NUMBER | |
| LC control number | sa 64005154 |
| 035 ## - SYSTEM CONTROL NUMBER | |
| System control number | (OCoLC)15867145 |
| 040 ## - CATALOGING SOURCE | |
| Original cataloging agency | DLC |
| Transcribing agency | MnSU |
| Modifying agency | OCoLC |
| -- | DLC |
| 042 ## - AUTHENTICATION CODE | |
| Authentication code | premarc |
| 043 ## - GEOGRAPHIC AREA CODE | |
| Geographic area code | a-ii--- |
| 050 00 - LIBRARY OF CONGRESS CALL NUMBER | |
| Classification number | QK355 |
| Item number | .F58 |
| 245 00 - TITLE STATEMENT | |
| Title | Flora of Assam, |
| Statement of responsibility, etc. | by U. N. Kanjilal and others. |
| 260 ## - PUBLICATION, DISTRIBUTION, ETC. | |
| Place of publication, distribution, etc. | [Shillona] |
| Name of publisher, distributor, etc. | Published under the authority of the Government of Assam, |
| Date of publication, distribution, etc. | [pref. 1934-40?] |
| 300 ## - PHYSICAL DESCRIPTION | |
| Extent | 5. v. in 6 |
| Dimensions | 19 cm. |
| 505 1# - FORMATTED CONTENTS NOTE | |
| Formatted contents note | v. 1, pt. 1, Ranunculaceae to Elaeocarpaceae, by U. N. Kanjilal, P. C. Kanjilal, and A. Das.--v. 1, pt. 2, Linaceae to Moringaceae by U. N. Kanjilal, P. C. Kanjilal, A. Das and C. Purkayastha.--v. 2. Connaraceae to Coraceae, by U. N. Kanjilal, P. C. Kanjilal, and A. Das.--v. 3. Caprifoliceae to Plantaginaceae, by U. N. Kanjilal, A. Das, P. C. Kanjilal and R. N. De.--v. 4. Nyctaginaceae to Cycadaceae, by U. N. Kanjilal, P. C. Kanjilal, R. N. De and A. Das.--v. 5. Gramineae, by N. L. Bor. |
| 650 #0 - SUBJECT ADDED ENTRY--TOPICAL TERM | |
| Topical term or geographic name entry element | Botany |
| Geographic subdivision | India |
| -- | Assam. |
| 700 1# - ADDED ENTRY--PERSONAL NAME | |
| Personal name | Kanjilal, Upendranath, |
| Dates associated with a name | 1859-1928. |
No items available.